Who was Milton Bradley? / (Record no. 1060)

MARC details
000 -LEADER
fixed length control field 02094nam a22003377a 4500
005 - DATE AND TIME OF LATEST TRANSACTION
control field 20230804161608.0
020 ## - INTERNATIONAL STANDARD BOOK NUMBER
International Standard Book Number 9780448488479 (paperback)
020 ## - INTERNATIONAL STANDARD BOOK NUMBER
International Standard Book Number 9780399542367 (hc)
040 ## - CATALOGING SOURCE
Original cataloging agency DLC
Language of cataloging eng
Transcribing agency DLC
Description conventions rda
Modifying agency DLC
050 00 - LIBRARY OF CONGRESS CALL NUMBER
Classification number GV1312
Item number .A54 2016
082 00 - DEWEY DECIMAL CLASSIFICATION NUMBER
Classification number 338.7/61794092
-- B
Edition number 23
100 1# - MAIN ENTRY--PERSONAL NAME
Personal name Anderson, Kirsten
Fuller form of name (Kirsten Stephanie),
Relator term author.
245 10 - TITLE STATEMENT
Title Who was Milton Bradley? /
Statement of responsibility, etc. by Kirsten Anderson ; illustrated by Tim Foley.
260 ## - PUBLICATION, DISTRIBUTION, ETC.
Place of publication, distribution, etc. Scholastic :
Name of publisher, distributor, etc. Penguin Young Readers,
Date of publication, distribution, etc. 2016.
300 ## - PHYSICAL DESCRIPTION
Extent 106 pages ;
Dimensions 21 cm.
490 0# - SERIES STATEMENT
Series statement Who was...?
505 ## - FORMATTED CONTENTS NOTE
Formatted contents note W <br/>
520 ## - SUMMARY, ETC.
Summary, etc. "Meet the man behind the board games: Milton Bradley. Born in Maine in 1836, Milton Bradley moved with his family to the working-class city of Lowell, Massachusetts, at age 11. His early life consisted of several highs and lows, from graduating high school and attending Harvard to getting laid off and losing his first wife. These experiences gave Bradley the idea for his first board game: The Checkered Game of Life. He produced and sold Life across the country and it quickly became a national sensation. Working with his company, the Milton Bradley Company, he continued to produce board games, crayons, and kid-friendly school supplies for the rest of his life. He is often credited as the father of board games, and the Milton Bradley Company has created Battleship, Jenga, Yahtzee, Trouble, and many more classic games"--
Assigning source Provided by publisher.
521 1# - TARGET AUDIENCE NOTE
Target audience note 830 <br/>
Source Lexile <br/>
521 1# - TARGET AUDIENCE NOTE
Target audience note W<br/>
Source Raz-Plus <br/>
650 #0 - SUBJECT ADDED ENTRY--TOPICAL TERM
Topical term or geographic name entry element Board game industry
Geographic subdivision United States.
650 #0 - SUBJECT ADDED ENTRY--TOPICAL TERM
Topical term or geographic name entry element Inventors
Geographic subdivision United States
Form subdivision Biography
-- Juvenile literature.
650 #7 - SUBJECT ADDED ENTRY--TOPICAL TERM
Topical term or geographic name entry element JUVENILE NONFICTION / Biography & Autobiography / General.
Source of heading or term bisacsh
650 #7 - SUBJECT ADDED ENTRY--TOPICAL TERM
Topical term or geographic name entry element JUVENILE NONFICTION / Games & Activities / Board Games.
Source of heading or term bisacsh
650 #7 - SUBJECT ADDED ENTRY--TOPICAL TERM
Topical term or geographic name entry element JUVENILE NONFICTION / History / United States / 19th Century.
Source of heading or term bisacsh
700 1# - ADDED ENTRY--PERSONAL NAME
Personal name Foley, Tim,
Dates associated with a name 1962-
Relator term illustrator.
906 ## - LOCAL DATA ELEMENT F, LDF (RLIN)
a 7
b cbc
c orignew
d 1
e ecip
f 20
g y-gencatlg
942 ## - ADDED ENTRY ELEMENTS (KOHA)
Source of classification or shelving scheme Dewey Decimal Classification
Koha item type Books
Suppress in OPAC No
999 ## -
-- 1060
-- 1060
Holdings
Withdrawn status Lost status Source of classification or shelving scheme Damaged status Not for loan Collection Home library Current library Shelving location Date acquired Total Checkouts Full call number Barcode Date last seen Price effective from Koha item type
    Dewey Decimal Classification     Non-Fiction Footprints International School Library Network Toul Kork Campus Footprints International School Library Network Toul Kork Campus   07/19/2023   AND 338.7 GV1312.A54 FISTK05918 07/19/2023 07/19/2023 Books